000 00571nam a22001811a 4500
001 18830
003 OSt
005 20260204212423.0
008 180911s2012||||dr ||||||b||||||||||spa||
020 _a9789945412722
082 _a380.1 C834c
100 _aCoscione,Marco
245 _aLa CLAC y la defensa del pequeño productor/Marco Coscione
264 _aSanto Domingo:Fundación Global Democracia y Desarrollo
300 _a336 p.
650 _aComercio justo 2.Desarrollo sostenible 3.Desarrollo rural 4.América Latina-Relaciones económicasÌ
942 _2ddc
_cBK
999 _c18830
_d18830